000 00923cam a22002894a 4500
001 16829435
005 20180205071626.0
008 110614s2012 paua b 001 0 eng
010 _a 2011025293
016 7 _a101562632
_2DNLM
020 _a9780803600164
020 _a080360016X
035 _a(OCoLC)ocn731127520
040 _aDNLM/DLC
_cDLC
_dYDX
_dNLM
_dYDXCP
_dDLC
041 _aeng
042 _apcc
060 1 0 _aWB 555
080 _a616.89165 BRA
082 0 0 _a616.89165 BRA
_223
100 _a8
101 _aEGF
245 0 0 _aWork :
_cBrent H. Braveman, Jill J. Page.
504 _aIncludes bibliographical references and index.
906 _a7
_bcbc
_corignew
_d1
_eecip
_f20
_gy-gencatlg
942 _2ddc
_cBK
999 _c41754
_d41754